000 00323nam a2200121Ia 4500
005 20260328104248.0
008 260328s9999||||xx |||||||||||||| ||und||
100 _aSalazar Morales, Teofilo
245 0 _aBasilica de San Francisco Lima /
_cTeofilo Salazar Morales
260 _bIberia
650 _aARQUITECTURA
942 _cBK
999 _c10138
_d10138